000
00233nam a2200097Ia 4500
008
240331s9999 xx 000 0 und d
082
_b
NEW
100
_a
Robert, . ed
245
4
_a
The new encyclopaedia Britannica :
_b
vol. 27
942
_c
L
999
_c
3291
_d
3291